Smallest Countries Shape Quiz - Statistics

General Stats
  • This quiz has been taken 86 times
  • The average score is 16 of 25
Answer Stats
Picture Answer % Correct
Monaco
90%
Vatican City
87%
Maldives
84%
Malta
82%
Nauru
75%
Kiribati
72%
Barbados
70%
Saint Vincent and the Grenadines
70%
Liechtenstein
69%
Singapore
69%
Antigua and Barbuda
66%
Dominica
66%
Grenada
66%
Saint Kitts and Nevis
66%
Andorra
64%
San Marino
64%
São Tomé and Príncipe
61%
Tuvalu
59%
Saint Lucia
57%
Federated States of Micronesia
56%
Bahrain
54%
Palau
51%
Marshall Islands
46%
Tonga
44%
Seychelles
43%
No matching quizzes found
Score Distribution
Percent of People with Each Score
Percentile by Number Answered
Your Score History
You have not taken this quiz